• 首页
  • 本馆介绍
  • 公告通知
  • 最新文献
  • 馆藏检索
  • 电子资源
  • 读者导购
  • 参考咨询
  • 我的图书馆
  • 登录
  • 详细信息显示
  • 放入我的书架
  • 预约/预借图书
  • 作者相关作品
  • 分类相关作品
  • 丛书相关作品
  • 出版社相关作品

书目信息

  • 表格格式
  • 工作单格式
  • 卡片格式
题名:
汉语轻松阅读
    
 
作者: 唐晓青 主编
分册:   中国现代寓言
出版信息: 北京   外文出版社  2006
页数: 141页
开本: 24cm
丛书名:
单 册:
中图分类: H195.5 , I277.4
科图分类:
主题词: 汉语--阅读教学--对外汉语教学--课外读物 , 寓言--中国--现代--选集
电子资源:
ISBN: 7-119-04358-7
000 00879nam0 2200277 45
001 012004026039
005 20070805092512.40
009 012004026039
010    @a7-119-04358-7@dCNY22.00
035    @a(110019)012006008461
100    @a20060321d2006 em y0chiy0110 ea
101 0  @achi@ager
102    @aCN@b110000
105    @aa z 000fy
106    @ar
200 1  @a汉语轻松阅读@Ahan yu qing song yue du@i中国现代寓言@Izhong guo xian dai yu yan@f[唐晓青主编]@F[ tang xiao qing zhu bian ]
210    @a北京@c外文出版社@d2006
215    @a141页@c图@d24cm
510 1  @aChinesisch Lustig Lesen@iModerne Chinesische Fabeln@zger
606 0  @a汉语@x阅读教学@x对外汉语教学@j课外读物
606 0  @a寓言@y中国@z现代@j选集
690    @aH195.5@v4
690    @aI277.4@v4
701  0 @a唐晓青@Atang xiao qing@4主编
801  0 @aCN@b110019@c20070805
905    @dH195.5@e287:5@f3
    
    汉语轻松阅读.中国现代寓言/[唐晓青主编].-北京:外文出版社,2006
    141页:图;24cm
    
    
    ISBN 7-119-04358-7:CNY22.00
    
●
相关链接 在E读中查询图书 在五车中查询图书 在当当中查询图书 在豆瓣中查询图书


正题名:汉语轻松阅读     索取号:H195.5/287:5         预约/预借

序号 登录号 条形码 馆藏地/架位号 状态 备注
1 0852442   208524426   第二样本阅览室/ [索取号:H195.5/287:5] 在馆    
2 0852443   208524435   第四借阅区/ [索取号:H195.5/287:5] 在馆    
3 0852444   208524444   第四借阅区/ [索取号:H195.5/287:5] 在馆    
唐山师范学院图书馆 欢迎您!
大连网信软件有限公司© 版权所有